MARC details
| 000 -CABECERA |
| campo de control de longitud fija |
02502nab a2200289 a 4500 |
| 005 - FECHA Y HORA DE LA ÚLTIMA TRANSACCIÓN |
| campo de control |
20260109063951.0 |
| 008 - ELEMENTOS DE LONGITUD FIJA--INFORMACIÓN GENERAL |
| campo de control de longitud fija |
991125c2016 mx fr p 000 spa d |
| 035 ## - NÚMERO DE CONTROL DEL SISTEMA |
| Número de control de sistema |
UPN01000219986 |
| 049 ## - COLECCIÓN |
| Colección |
ART |
| 003 - IDENTIFICADOR DEL NÚMERO DE CONTROL |
| campo de control |
|
| 040 ## - FUENTE DE LA CATALOGACIÓN |
| Centro catalogador/agencia de origen |
MX-MxUPN |
| Lengua de catalogación |
spa |
| Centro/agencia transcriptor |
MX-MxUPN |
| Normas de descripción |
aacr |
| 100 1# - ASIENTO PRINCIPAL--NOMBRE PERSONAL |
| Nombre de persona |
Aznavurian, Avedis |
| 245 10 - MENCIÓN DE TÍTULO |
| Título |
Ciencia, democracia y cultura |
| 520 3# - NOTA DE RESUMEN, ETC. |
| Sumario, etc. |
Desde una perspectiva lineal, el problema es sencillo y se plantea con la siguiente pregunta: ¿están los ciudadanos en condiciones de incorporar el espíritu científico (el compromiso con el conocimiento, el régimen de objetividad, atender a lo que no es obvio, etc.) en sus deliberaciones públicas? ¿Es ello requisito necesario para la democracia? Sin embargo, al examinar las relaciones entre lo tangible (producción del conocimiento, publicación de documentos) y lo que se podría llamar intangible o no objetivo de acuerdo a los estándares admitidos (espíritu científico, valores etc.) la situación se hace compleja. En primer lugar, hay que considerar que un sistema para la ciencia y el conocimiento científico se da en un contexto social específico, como parte de una o varias culturas; en segundo lugar, que se rige por un conjunto de valores entre ciencia y sociedad, en ocasiones diferentes y hasta opuestos. Señalemos que lo que llamamos democracia tiene diversas connotaciones dependientes del tiempo y lugar desde donde la calificamos, y es discutible si los ciudadanos están o no calificados para decidir acerca de asuntos de la ciencia y el conocimiento, mismos que pueden ir desde los más sencillos y comprensibles, hasta problemas de alta complejidad muy especializados. Ello genera debates con gran ambigüedad, por ejemplo, el papel de la cultura (con lo que esto signifique) como moduladora o reguladora de las relaciones entre ciencia, democracia y valores. |
| Fuente proveedora |
Ludus vitalis |
| 530 ## - NOTA DE FORMATO FÍSICO ADICIONAL DISPONIBLE |
| Nota de formato físico adicional disponible |
Disponible también en formato electrónico |
| 650 04 - ASIENTO SECUNDARIO DE MATERIA - TERMINO TEMATICO |
| Término de materia o nombre geográfico como elemento de entrada |
Democracia |
| 9 (RLIN) |
6020 |
| 650 04 - ASIENTO SECUNDARIO DE MATERIA - TERMINO TEMATICO |
| Término de materia o nombre geográfico como elemento de entrada |
Ciencia |
| 9 (RLIN) |
7469 |
| 650 04 - ASIENTO SECUNDARIO DE MATERIA - TERMINO TEMATICO |
| Término de materia o nombre geográfico como elemento de entrada |
Cultura |
| 9 (RLIN) |
7095 |
| 650 04 - ASIENTO SECUNDARIO DE MATERIA - TERMINO TEMATICO |
| Término de materia o nombre geográfico como elemento de entrada |
Investigación científica |
| 9 (RLIN) |
6034 |
| 650 07 - ASIENTO SECUNDARIO DE MATERIA - TERMINO TEMATICO |
| Término de materia o nombre geográfico como elemento de entrada |
Tecnología |
| Fuente del encabezamiento o término |
|
| 9 (RLIN) |
11976 |
| 773 ## - ENLACE AL DOCUMENTO FUENTE/ENTRADA DE REGISTRO ANFITRIÓN |
| Parte(s) relacionada(s) |
Vol. 24, no. 46, (2016), p. 151-154 |
| Título |
Ludus vitalis: revista de filosofía de las ciencias de la vida |
| Número Internacional Normalizado para Publicaciones Seriadas |
1133-5165 |
| 856 4# - LOCALIZACIÓN Y ACCESO ELECTRÓNICOS |
| Identificador Uniforme del Recurso |
<a href="https://www.centrolombardo.edu.mx/ludus-vitalis-busqueda-avanzada/entry/5745/">https://www.centrolombardo.edu.mx/ludus-vitalis-busqueda-avanzada/entry/5745/</a> |
| 856 4# - LOCALIZACIÓN Y ACCESO ELECTRÓNICOS |
| Identificador Uniforme del Recurso |
<a href="https://www.centrolombardo.edu.mx/wp-content/uploads/formidable/45/686-1394-2-PB.pdf">https://www.centrolombardo.edu.mx/wp-content/uploads/formidable/45/686-1394-2-PB.pdf</a> |
| 902 ## - ELEMENTOS DE DATOS B LOCAL, LDB (RLIN) |
| Creó |
Leonor Sotres/171125 |
| 905 ## - TIPO DE MATERIAL |
| Tipo de material |
Articulo |
| 942 ## - ELEMENTOS DE PUNTO DE ACCESO ADICIONAL (KOHA) |
| Tipo de ítem Koha |
Artículo Impreso |